関東甲信の鉄道駅がない自治体 - Statistics

General Stats
  • This quiz has been taken 16 times
  • The average score is 65 of 93
Answer Stats
順位 都県 人口 Answer % Correct
2 神奈川県 82740 綾瀬市
100%
9 茨城県 38266 かすみがうら市
100%
1 茨城県 93429 神栖市
94%
3 山梨県 69813 南アルプス市
94%
4 東京都 69306 武蔵村山市
94%
16 茨城県 29249 行方市
94%
11 茨城県 35504 稲敷市
88%
13 神奈川県 30340 葉山町
88%
45 東京都 6484 八丈町
88%
47 東京都 6284 大島町
88%
68 東京都 2795 小笠原村
88%
71 東京都 2147 新島村
88%
72 東京都 2028 三宅村
88%
74 東京都 1788 檜原村
88%
75 東京都 1686 神津島村
88%
89 山梨県 472 丹波山村
88%
92 東京都 302 御蔵島村
88%
93 東京都 162 青ヶ島村
88%
5 茨城県 50707 阿見町
81%
6 茨城県 50470 坂東市
81%
10 埼玉県 37637 三芳町
81%
17 埼玉県 26981 松伏町
81%
25 茨城県 15284 利根町
81%
27 茨城県 13463 美浦村
81%
30 千葉県 12940 九十九里町
81%
42 茨城県 7483 五霞町
81%
56 山梨県 5161 山中湖村
81%
60 長野県 3817 青木村
81%
67 神奈川県 2815 清川村
81%
80 群馬県 973 上野村
81%
82 山梨県 893 早川町
81%
86 長野県 628 王滝村
81%
87 山梨県 587 小菅村
81%
91 東京都 321 利島村
81%
7 千葉県 49675 富里市
75%
15 茨城県 29581 茨城町
75%
24 東京都 16216 日の出町
75%
26 群馬県 14041 榛東村
75%
36 山梨県 9220 忍野村
75%
62 群馬県 3509 片品村
75%
66 長野県 2990 野沢温泉村
75%
70 埼玉県 2315 東秩父村
75%
79 群馬県 1262 南牧村
75%
88 長野県 486 売木村
75%
8 神奈川県 39127 愛川町
69%
18 茨城県 23813 境町
69%
33 群馬県 10364 千代田町
69%
34 埼玉県 9528 小鹿野町
69%
43 茨城県 7206 河内町
69%
46 千葉県 6367 長南町
69%
63 群馬県 3178 川場村
69%
77 山梨県 1446 道志村
69%
83 長野県 874 南相木村
69%
84 長野県 761 根羽村
69%
85 長野県 659 北相木村
69%
21 埼玉県 18151 川島町
63%
23 茨城県 16467 城里町
63%
38 神奈川県 8839 中井町
63%
40 長野県 8177 山形村
63%
41 長野県 7692 原村
63%
50 長野県 6114 高山村
63%
51 長野県 6087 立科町
63%
52 千葉県 6063 長柄町
63%
59 長野県 3957 木島平村
63%
65 群馬県 3110 高山村
63%
73 長野県 2015 小川村
63%
78 群馬県 1354 神流町
63%
12 群馬県 35039 玉村町
56%
14 栃木県 29995 上三川町
56%
19 群馬県 22804 吉岡町
56%
29 山梨県 13250 富士川町
56%
32 千葉県 12497 多古町
56%
35 千葉県 9508 白子町
56%
53 群馬県 5808 草津町
56%
54 長野県 5687 阿智村
56%
55 長野県 5516 喬木村
56%
61 長野県 3746 阿南町
56%
69 山梨県 2771 鳴沢村
56%
81 長野県 903 大鹿村
56%
90 長野県 358 平谷村
56%
20 茨城県 20179 八千代町
50%
22 埼玉県 16868 吉見町
50%
28 栃木県 13342 那珂川町
50%
37 栃木県 9060 塩谷町
50%
44 群馬県 6702 昭和村
50%
48 千葉県 6281 睦沢町
50%
57 長野県 5157 長和町
50%
64 長野県 3178 下條村
50%
76 長野県 1500 生坂村
50%
31 埼玉県 12613 鳩山町
44%
58 長野県 3982 朝日村
44%
39 長野県 8709 池田町
38%
49 長野県 6160 豊丘村
25%
No matching quizzes found
Score Distribution
Percent of People with Each Score
Percentile by Number Answered
Your Score History
You have not taken this quiz